000 00675nam a2200205Ii 4500
003 JO-AjNU
008 230605s9999||||xx |||||||||||||| ||und||
040 _aJO-AjNU
_bara
_erda
_cJO-AjNU
041 _aara
050 1 4 _aHV40 2004
100 3 _aعبدالهادي، محمد,
_eauthor
_99084
245 0 0 _aالخدمة الاجتماعية
250 _aط1
264 3 1 _aبيروت: دار العلوم العربية، 2004
300 _a192ص
_bيحتوي على ببلوغرافية من 186-192ص
336 _atext
_btxt
_2rdacontent
337 _aunmediated
_bn
_2rdamedia
338 _avolume
_bnc
_2rdacarrier
650 4 _a الخدمة الاجتماعية
_99085
999 _aA1118
_c4686
_d4686